• 首页
  • 本馆介绍
  • 公告通知
  • 最新文献
  • 馆藏检索
  • 电子资源
  • 读者导购
  • 参考咨询
  • 我的图书馆
  • 登录
  • 详细信息显示
  • 放入我的书架
  • 预约/预借图书
  • 作者相关作品
  • 分类相关作品
  • 丛书相关作品
  • 出版社相关作品

书目信息

  • 表格格式
  • 工作单格式
  • 卡片格式
题名:
晶体管收音机
    
 
作者: ;上海市业余工业大学 编
分册:  
出版信息: 北京   科学出版社  1971
页数: 380页
开本: 19cm
丛书名: 电子技术讲座
单 册:
中图分类: TN854
科图分类:
主题词: 晶体管接收机
电子资源:
ISBN: 15031.14
000 00755cam2 2200265 450
001 0105509107
005 20080304144400.0
010    @a15031.14@dCNY0.80
091    @a15031.14@dCNY0.80
100    @a19951004d1971 em y0chiy0110 ea
101 0  @achi
102    @aCN@b110000
105    @ay z 000yy
106    @ar
200 1  @a晶体管收音机@9Jing Ti Guan Shou Yin Ji @f上海市业余工业大学编@b专著
210    @a北京@c科学出版社@d1971
215    @a380页@c图@d19cm
225 2  @a电子技术讲座@v3
410  0 @12001 @a电子技术讲座
606 0  @a晶体管接收机
690    @aTN854@v3
711 02 @a上海市业余工业大学@9shang hai shi ye yu gong ye da xue@4编
801  0 @aCN@b广东省中山图书馆
801  2 @aCN@bAiZhiMarc
905    @aBZT@dTN854@e2@f1@sTN854/2
    
    晶体管收音机/上海市业余工业大学编.-北京:科学出版社,1971
    380页:图;19cm.-(电子技术讲座;3)
    
    
    ISBN 15031.14:CNY0.80
    
●
相关链接 在五车中查询图书 在当当中查询图书 在豆瓣中查询图书


正题名:晶体管收音机     索取号:TN854/2         预约/预借

序号 登录号 条形码 馆藏地/架位号 状态 备注
1 2000083051   2000083051   旧书回溯/ [索取号:TN854/2] 在馆    
山东省滨州职业学院图书馆 欢迎您!
大连网信软件有限公司© 版权所有